000 00515nam a2200181Ia 4500
005 20250326142917.0
008 250326s9999 xx 000 0 und d
037 _aTextbook
040 _aFMSL
_beng
_cFMSL
041 _aeng
_2eng
084 _aX:89Q P3
_qFMSL
100 _aHugos M
_9746871
245 0 _aEssentials of Supply Chain Management
_cHugos M
260 _aNew Jersey
_bNew Jersey, John Wiley & Sons, Inc.
_c2003
300 _ax,254
942 _cTB
_hX:89Q P3
999 _c1297218
_d1297218